Ako plánovať online marketingové ciele

Pozorovania a plánovanie kľúčových strategických a marketingových cieľov pri online podnikaní. Základné typy metrík a ich sledovanosť v závislosti od používaného typu webových stránok. Príklad.

Guardado en:
Detalles Bibliográficos
Autor principal: Danišová, Marcela
Formato: Capítulo de libro
Lenguaje:eslovaco
Materias:
Etiquetas: Agregar Etiqueta
Sin Etiquetas, Sea el primero en etiquetar este registro!

MARC

LEADER 00000naa a2200000 4500
001 0230117
005 20221104113019.2
041 0 |a slo 
044 |a SK 
245 1 0 |a Ako plánovať online marketingové ciele  |c Marcela Danišová 
520 |a Pozorovania a plánovanie kľúčových strategických a marketingových cieľov pri online podnikaní. Základné typy metrík a ich sledovanosť v závislosti od používaného typu webových stránok. Príklad. 
610 2 0 |a marketing 
610 2 0 |a komunikácia marketingová 
610 2 0 |a nástroje marketingové 
610 2 0 |a stratégia marketingová 
610 2 0 |a podnikanie elektronické 
610 2 0 |a stránky webové 
100 1 |a Danišová, Marcela